000 00316nam a2200145Ia 4500
003 OSt
008 191201s2018 xx 000 0 und d
100 _aCHOPRA, Rajiv
245 0 _aCloud Computing
250 _a2nd Ed.
260 _bNew Age Publication
_c2024
300 _a170
650 _aMCA
942 _2ddc
_cBK
999 _c13024
_d13024